000 00390pab a2200157 454500
008 180718b2006 xxu||||| |||| 00| 0 eng d
100 _aHall, Jon
245 _aMaking housing assitance more efficient: a risk management approach
260 _c2006
300 _ap.1581-604.
362 _aAug
650 _aHousing
700 _aBerry, Mike
773 _aUrban Studies
909 _a71279
999 _c71279
_d71279